000 00189nam a2200109Ia 4500
100 _a#N/A
942 _cBK
245 _aAfter the Wave
260 _b#N/A
546 _aENGLISH
999 _c31914
_d31914